000 00576nam a2200205Ia 4500
005 20260429112001.0
008 260429s9999||||xx |||||||||||||| ||und||
020 _a9798886130669
041 _aEnglish
082 _a658.8
_bHOL
100 _aHollensen, Svend
245 0 _aMarketing :
_ba relationship perspective /
_cSvend Hollensen
250 _a2nd ed.
260 _aSingapore :
_bWorld Scientific Publishing,
_c2024.
300 _axviii, 502 p.; pbk
650 _a Marketing management
650 _aManagement
700 _a Opresnik, Marc Oliver
942 _cTB
999 _c51744
_d51744